00255nam a2200085Ia 4500008004100000100002900041245004700070260004300117260000900160170620s9999 xx 000 0 und d aPachauri- Girish (Hindi) 0aShikshan Adhigam Prakriya ka Vikas (Hindi) bMeerut- International Publishing House c2008